[Event "Mittelfranken-chTB2a 1011"]
[Site "Germany"]
[Date "2011.05.15"]
[Round "9.5"]
[White "Schneider, Norbert"]
[Black "Buchta, Juergen"]
[Result "1/2-1/2"]
[WhiteElo "1697"]
[BlackElo "1778"]
[PlyCount "64"]
[EventDate "2010.09.26"]
[EventType "team-tourn"]
[EventRounds "9"]
[EventCountry "GER"]
[SourceTitle "EXT 2012"]
[Source "ChessBase"]
[SourceDate "2011.11.24"]
[SourceVersion "1"]
[SourceVersionDate "2011.11.24"]
[SourceQuality "1"]
[WhiteTeam "Kirchehrenbach/Ebermannstadt"]
[BlackTeam "Fuerth II"]
[WhiteTeamCountry "GER"]
[BlackTeamCountry "GER"]

1. Nf3 Nf6 2. d4 d5 3. c4 e6 4. Nc3 Be7 5. Bf4 c6 6. e3 0-0 7. cxd5 Nxd5 8. Nxd5 exd5 9. Bd3 h6 10. 0-0 Nd7 11. Rc1 Nf6 12. Bb1 Be6 13. Ne5 Bd6 14. f3 Nh5 15. Qc2 f5 16. Qf2 g5 17. Bg3 Qf6 18. f4 Bxe5 19. dxe5 Qg7 20. Bd3 Rf7 21. Be2 Nxg3 22. hxg3 g4 23. Qe1 Qf8 24. Kf2 Rh7 25. Qc3 Qe7 26. Qc5 Kf7 27. Bd3 h5 28. Rh1 Qd8 29. Rh4 Qe7 30. Qa5 b6 31. Qc3 Rc8 32. a4 Kg6 1/2-1/2

[Event "Mittelfranken-chTB2a 1011"]
[Site "Germany"]
[Date "2011.01.23"]
[Round "5.4"]
[White "Buchta, Juergen"]
[Black "Braun, Michael1111"]
[Result "1/2-1/2"]
[WhiteElo "1778"]
[BlackElo "1849"]
[PlyCount "115"]
[EventDate "2010.09.26"]
[EventType "team-tourn"]
[EventRounds "9"]
[EventCountry "GER"]
[SourceTitle "EXT 2012"]
[Source "ChessBase"]
[SourceDate "2011.11.24"]
[SourceVersion "1"]
[SourceVersionDate "2011.11.24"]
[SourceQuality "1"]
[WhiteTeam "Fuerth II"]
[BlackTeam "Buechenbach/Roth III"]
[WhiteTeamCountry "GER"]
[BlackTeamCountry "GER"]

1. d4 d5 2. c3 Nf6 3. g3 Bf5 4. Bg2 c6 5. Nf3 Nbd7 6. 0-0 e6 7. Bg5 Qb6 8. Bc1 Bd6 9. Nbd2 0-0 10. Nh4 Bg4 11. Bf3 Bxf3 12. Nhxf3 e5 13. dxe5 Nxe5 14. Nxe5 Bxe5 15. Nf3 Bc7 16. Rb1 Rfe8 17. a3 h6 18. Qd3 Qc5 19. Be3 Qe7 20. Rfe1 Ng4 21. Bd2 Bb6 22. e3 Qf6 23. Kg2 Re6 24. h3 Ne5 25. Nxe5 Qxe5 26. Rbd1 Bc7 27. Bc1 Rae8 28. Rf1 Rg6 29. f4 Qe4+ 30. Qxe4 Rxe4 31. Rd4 Rge6 32. Rfd1 Bb6 33. Rxe4 Rxe4 34. Kf3 Bc5 35. Rd3 b5 36. b3 Kf8 37. Rd1 g6 38. b4 Bb6 39. Bd2 a5 40. Rb1 Bd8 41. Ke2 Re7 42. Kd3 Ra7 43. Re1 f5 44. Kc2 axb4 45. axb4 Kf7 46. h4 h5 47. Kb2 Ke6 48. Kc2 Ra2+ 49. Kd3 Kd6 50. Rc1 Bb6 51. Rc2 Ra1 52. Rc1 Ra3 53. Ke2 c5 54. Rb1 c4 55. Rc1 Bd8 56. Rc2 Bf6 57. Rc1 Ra2 58. Kd1 1/2-1/2

[Event "Mittelfrankenliga-B2a 0506"]
[Site "Germany"]
[Date "2006.02.12"]
[Round "6.5"]
[White "Heumueller, Marc"]
[Black "Buchta, Juergen"]
[Result "1-0"]
[WhiteElo "1818"]
[BlackElo "1763"]
[PlyCount "83"]
[EventDate "2005.10.16"]
[EventType "team"]
[EventRounds "9"]
[EventCountry "GER"]
[SourceTitle "EXT 2007"]
[Source "ChessBase"]
[SourceDate "2006.11.23"]
[SourceVersion "1"]
[SourceVersionDate "2006.11.23"]
[SourceQuality "1"]

1. d4 Nf6 2. c4 g6 3. Nc3 Bg7 4. g3 c6 5. e4 d6 6. Bg2 0-0 7. Nge2 Nbd7 8. 0-0 e5 9. d5 c5 10. Rb1 Nb6 11. b3 Bd7 12. f4 exf4 13. gxf4 Bg4 14. h3 Bh5 15. Qc2 Nfd7 16. Ng3 Qh4 17. Nxh5 Qxh5 18. Nb5 Nc8 19. Be3 Qh4 20. Qd2 a6 21. Nc3 Re8 22. Bf2 Qh6 23. b4 b6 24. bxc5 Nxc5 25. Bxc5 bxc5 26. Rb7 Ra7 27. Rxa7 Nxa7 28. Ne2 Qh4 29. Rb1 Nc8 30. Rb8 f5 31. e5 dxe5 32. Kf1 exf4 33. d6 Rd8 34. d7 Na7 35. Qd5+ Kh8 36. Rxd8+ Qxd8 37. Qb7 Bf6 38. Qxa7 Qa5 39. Nxf4 Bh4 40. Qb8+ Kg7 41. Ne6+ Kf6 42. d8Q+ 1-0

[Event "Mittelfrankenliga-B1 0506"]
[Site "Germany"]
[Date "2005.10.16"]
[Round "1.8"]
[White "Buchta, Juergen"]
[Black "Puehn, Georg"]
[Result "1-0"]
[WhiteElo "1787"]
[BlackElo "1900"]
[PlyCount "115"]
[EventDate "2005.10.16"]
[EventType "team"]
[EventRounds "9"]
[EventCountry "GER"]
[SourceTitle "EXT 2007"]
[Source "ChessBase"]
[SourceDate "2006.11.23"]
[SourceVersion "1"]
[SourceVersionDate "2006.11.23"]
[SourceQuality "1"]

1. e4 c6 2. d4 d5 3. exd5 cxd5 4. Nf3 Nf6 5. h3 Bf5 6. Bd3 Bxd3 7. Qxd3 e6 8. c3 Bd6 9. 0-0 Nbd7 10. Re1 Qc7 11. Nbd2 Rc8 12. Nf1 0-0 13. Be3 Qb8 14. Re2 b5 15. a3 a6 16. Rae1 a5 17. b4 Rc6 18. Rc2 Rfc8 19. Rec1 Ne4 20. N3d2 f5 21. f3 Nef6 22. Nb3 a4 23. Nbd2 g6 24. Bh6 e5 25. dxe5 Nxe5 26. Qe2 Nf7 27. Be3 Re8 28. Qf2 Ne5 29. Rd1 Nfd7 30. Nb1 Nf6 31. Bd4 Bc7 32. Kh1 Qd8 33. Re2 Rce6 34. Bxe5 Rxe5 35. Rxe5 Rxe5 36. Qc5 Qd7 37. Qd4 Qd6 38. Qd3 Qe6 39. Qxb5 Re2 40. Qxa4 Rxg2 41. Kxg2 Qe2+ 42. Kg1 Bb6+ 43. Rd4 Bxd4+ 44. cxd4 Qxf3 45. Qc2 Qxh3 46. Qc8+ Kg7 47. Qc7+ Kf8 48. Qg3 Qh6 49. Qd6+ Kf7 50. Nbd2 Qh5 51. Qf4 Qd1 52. Nf3 Qa1 53. Qc7+ Kf8 54. Qd6+ Kf7 55. Ne5+ Kg8 56. Qe6+ Kg7 57. Qe7+ Kh6 58. Nf7+ 1-0